Historical Military Leaders #1 - Statistics

General Stats
  • This quiz has been taken 877 times
    225 since last reset
  • The average score is 11 of 20
Answer Stats
Who... Answer % Correct
Was the first to capture Moscow since the Polish in 1610 and average height for the time? Napoleon Bonaparte
88%
Led elephants across the Alps in an attempt to attack the Romans? Hannibal Barca
86%
Conquered land across Eurasia, with seven cities of his name still standing? Alexander the Great
84%
Was the first Roman "Dictator for Life," and famously said "Et tu, Brute?" Julius Caesar
84%
Conquered most of Eurasia and has ~16 million descendants? Genghis Khan
82%
Crossed the Delaware in the winter and defeated the British at Yorktown? George Washington
82%
Wrote The Art of War and never lost a battle? Sun Tzu
79%
Conquered much of North Africa, fought in both World Wars, and was known as the "Desert Fox?" Erwin Rommel
72%
Was a United States President and Union General during the American Civil War? Ulysses S. Grant
72%
Defeated the above (Roman general): Scipio Africanus
52%
Had troops renowned for being immovable, akin to a stone wall? "Stonewall" Jackson
52%
Was given the name "The Scourge of God" by the Romans? Attila the Hun
49%
Was an American General during both World Wars and whose surname is shared by an American tank? George Patton
47%
Led the final Soviet assault on Germany during WW2 and disliked by Stalin? Georgy Zhukov
45%
Conquered Constantinople in 1453? Mehmed II
36%
Was a Japanese general and statesman during WW2? Hideki Tojo
33%
Was also an American General during the 20th century and whose surname is shared by an American tank? Creighton Abrams
30%
Was defeated at Yorktown by the above (British general): Charles Cornwallis
28%
Fought for France at the Battle of Tours in 732 and was known for his use of a hammer? Charles Martel
25%
Was known as the Sword of Islam and whose lameness was lambasted by his Persian enemies? Timur
19%
No matching quizzes found
Score Distribution
Percent of People with Each Score
Percentile by Number Answered
Your Score History
You have not taken this quiz since the last reset